Introduction to digital computer design (Record no. 7864)
[ view plain ]
| 000 -LEADER | |
|---|---|
| fixed length control field | 00296nam a2200121Ia 4500 |
| 008 - FIXED-LENGTH DATA ELEMENTS--GENERAL INFORMATION | |
| fixed length control field | 191201s2012 xx 000 0 und d |
| 100 ## - MAIN ENTRY--PERSONAL NAME | |
| Personal name | RAJARAMAN, V |
| 245 #0 - TITLE STATEMENT | |
| Title | Introduction to digital computer design |
| 250 ## - EDITION STATEMENT | |
| Edition statement | 5th |
| 260 ## - PUBLICATION, DISTRIBUTION, ETC. (IMPRINT) | |
| Date of publication, distribution, etc | 2012 |
| Name of publisher, distributor, etc | PHI |
| Place of publication, distribution, etc | NEW DELHI |
| 300 ## - PHYSICAL DESCRIPTION | |
| Extent | 512 |
| 942 ## - ADDED ENTRY ELEMENTS (KOHA) | |
| Source of classification or shelving scheme | Dewey Decimal Classification |
| Koha item type | Text Books |
| 942 ## - ADDED ENTRY ELEMENTS (KOHA) | |
| -- | 38 |
| Withdrawn status | Lost status | Source of classification or shelving scheme | Damaged status | Not for loan | Collection code | Home library | Current library | Date acquired | Source of acquisition | Cost, normal purchase price | Bill Number | Total Checkouts | Full call number | Acc. no. / Barcode | Date last seen | Date last borrowed | Actual Cost, discounted price | Bill Date | Koha item type |
|---|---|---|---|---|---|---|---|---|---|---|---|---|---|---|---|---|---|---|---|
| Dewey Decimal Classification | BCA | PIET C-LIBRARY | PIET C-LIBRARY | 09/06/2013 | IBH, New Delhi | 325.00 | 10134 | 5 | 004.1 RAI | BC612 | 02/11/2023 | 18/10/2023 | 218.40 | 09/06/2013 | Text Books | ||||
| Dewey Decimal Classification | BCA | PIET C-LIBRARY | PIET C-LIBRARY | 09/06/2013 | IBH, New Delhi | 325.00 | 10134 | 5 | 004.1 RAI | BC613 | 30/01/2024 | 25/01/2024 | 218.40 | 09/06/2013 | Text Books | ||||
| Dewey Decimal Classification | BCA | PIET C-LIBRARY | PIET C-LIBRARY | 09/06/2013 | IBH, New Delhi | 325.00 | 10134 | 9 | 004.1 RAI | BC614 | 20/01/2026 | 03/01/2026 | 218.40 | 09/06/2013 | Text Books | ||||
| Dewey Decimal Classification | BCA | PIET C-LIBRARY | PIET C-LIBRARY | 09/06/2013 | IBH, New Delhi | 325.00 | 10134 | 6 | 004.1 RAI | BC615 | 02/02/2024 | 25/01/2024 | 218.40 | 09/06/2013 | Text Books | ||||
| Dewey Decimal Classification | BCA | PIET C-LIBRARY | PIET C-LIBRARY | 09/06/2013 | IBH, New Delhi | 325.00 | 10134 | 7 | 004.1 RAI | BC616 | 21/11/2023 | 08/11/2023 | 218.40 | 09/06/2013 | Text Books | ||||
| Dewey Decimal Classification | BCA | PIET C-LIBRARY | PIET C-LIBRARY | 09/06/2013 | IBH, New Delhi | 325.00 | 10134 | 1 | 004.1 RAI | BC617 | 11/02/2020 | 28/01/2020 | 218.40 | 09/06/2013 | Text Books | ||||
| Dewey Decimal Classification | BCA | PIET C-LIBRARY | PIET C-LIBRARY | 09/06/2013 | IBH, New Delhi | 325.00 | 10134 | 7 | 004.1 RAI | BC618 | 23/12/2025 | 09/10/2025 | 218.40 | 09/06/2013 | Text Books | ||||
| Dewey Decimal Classification | BCA | PIET C-LIBRARY | PIET C-LIBRARY | 09/06/2013 | IBH, New Delhi | 325.00 | 10134 | 2 | 004.1 RAI | BC619 | 06/01/2026 | 03/01/2026 | 218.40 | 09/06/2013 | Text Books | ||||
| Dewey Decimal Classification | BCA | PIET C-LIBRARY | PIET C-LIBRARY | 09/06/2013 | IBH, New Delhi | 325.00 | 10134 | 10 | 004.1 RAI | BC620 | 17/01/2024 | 03/01/2024 | 218.40 | 09/06/2013 | Text Books | ||||
| Dewey Decimal Classification | BCA | PIET C-LIBRARY | PIET C-LIBRARY | 09/06/2013 | IBH, New Delhi | 325.00 | 10134 | 5 | 004.1 RAI | BC621 | 17/10/2025 | 08/10/2025 | 218.40 | 09/06/2013 | Text Books | ||||
| Dewey Decimal Classification | BCA | PIET C-LIBRARY | PIET C-LIBRARY | 09/06/2013 | IBH, New Delhi | 325.00 | 10134 | 9 | 004.1 RAI | BC622 | 08/01/2026 | 06/01/2026 | 218.40 | 09/06/2013 | Text Books | ||||
| Dewey Decimal Classification | BCA | PIET C-LIBRARY | PIET C-LIBRARY | 09/06/2013 | IBH, New Delhi | 325.00 | 10134 | 5 | 004.1 RAI | BC623 | 27/10/2025 | 08/10/2025 | 218.40 | 09/06/2013 | Text Books |